000 00349nam a2200133Ia 4500
005 20260328104250.0
008 260328s9999||||xx |||||||||||||| ||und||
100 _aHardin, Terri
245 0 _aTheatres & Opera Houses :
_b Masterpieces of Architecture /
_cTerri Hardin
260 _bTodtri
300 _a79 p.
650 _aARQUITECTURA
942 _cBK
999 _c10219
_d10219